000 01138cam a22002054a 4500
005 20250605164221.0
008 250528s ||||||||||||||||||||||||d
035 _a20662
020 _a9604600192
040 _aGR-AtMCL
_bgre
_dGR-AtMCL
_eAACR2
245 1 _aΠροβλήματα Ηλεκτρισμού / Στατικός - Δυναμικός - Ηλεκτρομαγνητισμός - Επαγωγή - Εναλλασσόμενα: Γ' 'Εκδοση
260 _bΣαββάλας,
_c1983
300 _a1983
520 _aΗλεκτρικό Πεδίο, Ομογενές Ηλεκτρικό Πεδίο, Αγωγοί, Πυκνωτές, Διηλεκτρικά, Γειώσεις, Νόμος ΟΗΜ - Αντιστάσεις, Όργανα Μετρήσεων - Γειώσεις, Ισχύς - Ενέργεια, Κλειστό Κύκλωμα, Αποδέκτες, Μαγνητισμός, Ηλεκτρομαγνητισμός, Επαγωγή, Εναλλασσόμενα Ρεύματα.
700 1 _aΣαββάλας Άγγελος
_96624
700 1 _aΣαββάλας Σπύρος
_96625
942 _cBK
999 _c5748
_d5748